| 000 | 00417nam a2200169Ia 4500 | ||
|---|---|---|---|
| 008 | 230711s9999||||xx |||||||||||||| ||und|| | ||
| 020 | _a978-81-318-0804-7 | ||
| 041 | _aENG | ||
| 082 |
_a621.402 _bRA-T |
||
| 100 | _aRajput,R.K | ||
| 245 | 0 | _aThermal engineering | |
| 250 | _a10th Ed. | ||
| 260 |
_c2015 _aNew Delhi _bLaxmi Publications(P) Ltd |
||
| 300 | _a698p. | ||
| 650 | _aMechanical Engineering | ||
| 942 | _cBK | ||
| 999 |
_c9453 _d9453 |
||